000 00832nam a2200217 a 4500
003 0
005 20250315104416.0
008 071127s19uu xx 00 eng d
050 _aPGS LB 1050.5.G76
_b.L732 2007
100 _aLim, Seung Hwan.
245 _aReading difficulty experienced by grade 5 students in homogenous and heterogenous grouping /
_cSeung Hwan Lim.
260 _aLas PiƱas City, Philippines :
_bSouthville International School and Colleges,
_c2007.
300 _a61 pages :
_billustrations ;
_c28 cm.
504 _aIncludes bibliographical references.
650 _aReading disability in children.
650 _aAbility grouping in education.
650 _aHeterogeneous grouping (Education),.
650 _aHomogeneous grouping (Education).
650 _aFifth grade (Education).
942 _2lcc
_cPASS
999 _c97746
_d97746